| 000 | 00409nam a2200169Ia 4500 | ||
|---|---|---|---|
| 999 |
_c10364 _d10364 |
||
| 003 | OSt | ||
| 005 | 20220315163846.0 | ||
| 008 | 220308s9999 xx 000 0 und d | ||
| 020 | _a9788496540668 | ||
| 082 |
_a721 _bHAN |
||
| 100 | _a Hanif Kara | ||
| 245 | 0 | _aDesign engineering : AKT Adams Kara Taylor | |
| 260 | _b ActarD Inc (27 October 2008) | ||
| 365 | _cGBP | ||
| 365 | _d28 | ||
| 942 | _2ddc | ||